01422nam a2200169Ia 4500001001300000003001000013008004100023040002500064041000700089100003300096245005700129250001100186260003300197300001200230500097300242650003701215b4693-30673 IT-MiCISF161014s9999||||xx |||||||||||||| ||und|| aIT-MiCISFcIT-MiCISF ait aBallantini Mario (a cura di) 0aSuicidio e societàbUna speranza dalla prevenzione a1a ed. a MilanobFranco Angelic1999 app. 158 aAlberti G.C., Ballantini M., Barlassina C., Beltz J., Biagioni M., Bonenti D., Bonetti S., Borgna E., Brivio R., Capobianco P., Cassani E., Cecconami L., Codazzi L., Colombo E., Fazio Tirrozzo M.G., Gaboardi C., Guglielmana R..... / suicidio, società, prevenzione, servizi, giovani, psichiatria, territorio / La crescente attenzione al suicidio viene qui sollecitata verso due nodi principali. In primo luogo si sottolinea la non coincidenza tra condizione di "pazzia" e tendenze suicidarie, per cui la correlazione tra condizioni specifiche di disagio psichico (es. depressione) e scelta del suicidio deve suggerire strategie mirate di sostegno precoce, e non di stigmatizzazione impotente; in secondo luogo gli AA. sottolineano la necessità e la possibilità di adottare strategie preventive, sia di tipo collettivo, sia sui singoli casi, che sono spesso capaci di impedire definitivamente il verificarsi della decisione del suicidio. Per operatori dei servizi. a Famiglia e servizi / mortee007